000
00326nam a22001457a 4500
008
210511b ||||| |||| 00| 0 eng d
020
_a
9780470742204
041
_a
eng
080
_a
338
082
_a
338
100
_a
53
101
_a
MEN
245
_a
Making Sense of the Organization
_c
Karl E. Weick
942
_2
udc
_c
BK
999
_c
57240
_d
57240